Экономичность использования газотурбинной надстройки на энергоблоках ТЭС; Интеллектуальные энергосистемы; Т. 2
| Parent link: | Интеллектуальные энергосистемы: труды III Международного молодёжного форума, 28 сентября - 2 октября 2015 г., г. Томск/ Национальный исследовательский Томский политехнический университет (ТПУ).— , 2015 Т. 2.— 2015.— [С. 107-110] |
|---|---|
| מחבר ראשי: | |
| מחבר תאגידי: | |
| מחברים אחרים: | , |
| סיכום: | Заглавие с титульного экрана |
| שפה: | רוסית |
| יצא לאור: |
2015
|
| סדרה: | Повышение эффективности работы тепловых и атомных электростанций |
| נושאים: | |
| גישה מקוונת: | http://earchive.tpu.ru/handle/11683/16288 http://www.lib.tpu.ru/fulltext/c/2015/C43/V2/027.pdf |
| פורמט: | אלקטרוני Book Chapter |
| KOHA link: | https://koha.lib.tpu.ru/cgi-bin/koha/opac-detail.pl?biblionumber=615908 |
MARC
| LEADER | 00000naa2a2200000 4500 | ||
|---|---|---|---|
| 001 | 615908 | ||
| 005 | 20240111172308.0 | ||
| 035 | |a (RuTPU)RU\TPU\conf\14141 | ||
| 035 | |a RU\TPU\conf\14134 | ||
| 090 | |a 615908 | ||
| 100 | |a 20151126d2015 k y0rusy50 ca | ||
| 101 | 0 | |a rus | |
| 102 | |a RU | ||
| 105 | |a y z 101zy | ||
| 135 | |a drgn ---uucaa | ||
| 181 | 0 | |a i | |
| 182 | 0 | |a b | |
| 200 | 1 | |a Экономичность использования газотурбинной надстройки на энергоблоках ТЭС |f Я. А. Заугольникова, О. Ю. Ромашова, Е. А. Скребатун |g науч. рук. О. Ю. Ромашова | |
| 203 | |a Текст |c электронный | ||
| 225 | 1 | |a Повышение эффективности работы тепловых и атомных электростанций | |
| 300 | |a Заглавие с титульного экрана | ||
| 320 | |a [Библиогр.: с. 110 (3 назв.)] | ||
| 337 | |a Adobe Reader | ||
| 461 | 1 | |0 (RuTPU)RU\TPU\conf\13656 |t Интеллектуальные энергосистемы |o труды III Международного молодёжного форума, 28 сентября - 2 октября 2015 г., г. Томск |o в 3 т. |f Национальный исследовательский Томский политехнический университет (ТПУ) |d 2015 | |
| 463 | 1 | |0 (RuTPU)RU\TPU\conf\13660 |t Т. 2 |v [С. 107-110] |d 2015 | |
| 610 | 1 | |a труды учёных ТПУ | |
| 610 | 1 | |a электронный ресурс | |
| 610 | 1 | |a экономичность | |
| 610 | 1 | |a газотурбинные надстройки | |
| 610 | 1 | |a энергоблоки | |
| 610 | 1 | |a ТЭС | |
| 700 | 1 | |a Заугольникова |b Я. А. | |
| 701 | 1 | |a Ромашова |b О. Ю. |c специалист в области теплоэнергетики |c доцент Томского политехнического университета, кандидат технических наук |f 1960- |g Ольга Юрьевна |3 (RuTPU)RU\TPU\pers\25534 |9 11464 | |
| 701 | 1 | |a Скребатун |b Е. А. | |
| 702 | 1 | |a Ромашова |b О. Ю. |c специалист в области теплоэнергетики |c доцент Томского политехнического университета, кандидат технических наук |f 1960- |g Ольга Юрьевна |4 727 | |
| 712 | 0 | 2 | |a Национальный исследовательский Томский политехнический университет (ТПУ) |b Энергетический институт (ЭНИН) |b Кафедра атомных и тепловых электростанций (АТЭС) |3 (RuTPU)RU\TPU\col\18683 |
| 801 | 2 | |a RU |b 63413507 |c 20210210 |g RCR | |
| 856 | 4 | |u http://earchive.tpu.ru/handle/11683/16288 | |
| 856 | 4 | |u http://www.lib.tpu.ru/fulltext/c/2015/C43/V2/027.pdf | |
| 942 | |c BK | ||